| 000 | 00486nam a2200169Ia 4500 | ||
|---|---|---|---|
| 005 | 20250304094832.0 | ||
| 008 | 231217s9999 xx 000 0 und d | ||
| 020 | _a9788131414262 | ||
| 082 | _a331.89142 JEG;1 R | ||
| 100 | _aJegadeesan, G ed. | ||
| 245 | 0 | _aMediation : an effective dispute settlement machinery | |
| 250 | _a1st ed. | ||
| 260 |
_c2008 _bIcfai University press _aHyderabad |
||
| 300 | _ax, 215 | ||
| 650 | _aMediation,dispute,settlement,machinery | ||
| 942 | _cAA | ||
| 999 |
_c185240 _d185240 |
||